Trouves mes personnages de Star Wars préférés (jusqu'à The Bad Batch) - Statistiques

Statistiques générales
  • Ce quiz a été pris 6 fois
  • Le résultat moyen est 7 sur 15
Statistiques - réponses
Hint Réponse % Correct
2 Obi Wan Kenobi
80%
13 Yoda
80%
4 Dark Maul
60%
10 Hunter
60%
12 Mace Windu
60%
5 Qui gon Jinn
60%
11 Boba Fett
40%
6 Canssian Andor
40%
3 Chirrut Imwe
40%
9 Croshair
40%
15 Grievous
40%
7 K2S0
40%
14 Orson Krennic
40%
1 Tobias Beckett
40%
8 Jango Fett
20%
Aucun quiz correspondant
Distribution des résultats
% des personnes avec chaque résultat
Percentile par nombre de réponses
Votre historique - résultats
Vous n’avez pas pris ce quiz